000 00394nam a2200157Ia 4500
003 GCL
008 140319s9999 xx 000 0 ara d
040 _aGCL /
_cGCL
082 0 4 _aط
_b507
_bش م
100 1 _aشفيق مهدى
245 1 0 _aموسوعة طيور عربية /
_cشفيق مهدى
300 _a115 ص
490 _a100 قصة
_v0
650 0 4 _aالطيور
942 _2ddc
_cBK
999 _c45773
_d45773